Guía de campo de los cultivos andinos / (Registro nro. 9067)

Detalles MARC
000 -CABECERA
Campo de control 01407cam a22003614a 4500
005 - FECHA Y HORA DE LA ULTIMA TRANSACCION
Campo de control 20150302100027.0
008 - ELEMENTOS DE LONGITUD FIJA—INFORMACION GENERAL
Campo de control 090107s2007 pe a b 000 0 spa
020 ## - ISBN
ISBN 9789253056828
020 ## - ISBN
ISBN 9253056827
040 ## - FUENTE DE CATALOGACIÓN
Agencia catalogadora original DLC
Agencia transcriptora DLC
Agencia Modificadora Bo-CoIAvH
041 ## - IDIOMA
Código de idioma para texto/pista de sonido o título separado Español
044 ## - PAÍS DE PUBLICACIÓN
País de publicación Perú
082 04 - NUMERO DE CLASIFICACION DECIMAL DEWEY
Número de clasificación 338.62
Número del ítem T17f
100 1# - ASIENTO PRINCIPAL--NOMBRE PERSONAL
Nombre personal Tapia Núñez, Mario E.
245 10 - MENCION DE TITULO
Título Guía de campo de los cultivos andinos /
Mención de responsabilidad Mario E. Tapia, Ana María Fries, autores ; Irela Mazar, coordinadora técnica ; Cadmo Rosell, editor técnico.
250 ## - MENCION DE EDICION
Mención de edición 1a. edición.
260 ## - PUBLICACION, DISTRIBUCION, ETC. (PIE DE IMPRENTA)
Lugar de publicación, distribución, etc. Lima :
Nombre del editor, distribuidor, etc. Asociación Nacional de Productores Ecológicos del Perú ;
Lugar de publicación, distribución, etc. Roma :
Nombre del editor, distribuidor, etc. Organización de las Naciones Unidas para la Agricultura y la Alimentación,
Fecha de publicación, distribución, etc. c2007.
300 ## - DESCRIPCION FISICA
Extensión xii, 209 p. :
Otros detalles físicos ill. (col.) ;
Dimensiones 24 cm.
504 ## - NOTA DE BIBLIOGRAFIA, ETC.
Nota de bibliografía Incluye referencias bibliograficas (p. 192-197).
650 #0 - ASIENTO SECUNDARIO DE MATERIA - TERMINO TEMATICO
Término temático o nombre geográfico como elemento de entrada Cultivos alimentarios
Subdivisión geográfica Región Andina
650 #0 - ASIENTO SECUNDARIO DE MATERIA - TERMINO TEMATICO
Término temático o nombre geográfico como elemento de entrada Plantas comestibles
Subdivisión geográfica Región Andina
650 #0 - ASIENTO SECUNDARIO DE MATERIA - TERMINO TEMATICO
Término temático o nombre geográfico como elemento de entrada Plantas útiles
Subdivisión geográfica Región Andina
650 #0 - ASIENTO SECUNDARIO DE MATERIA - TERMINO TEMATICO
Término temático o nombre geográfico como elemento de entrada Economía botánica
Subdivisión geográfica Región Andina
650 #0 - ASIENTO SECUNDARIO DE MATERIA - TERMINO TEMATICO
Término temático o nombre geográfico como elemento de entrada Tubérculos
650 #0 - ASIENTO SECUNDARIO DE MATERIA - TERMINO TEMATICO
Término temático o nombre geográfico como elemento de entrada Tubérculos andinos
650 #0 - ASIENTO SECUNDARIO DE MATERIA - TERMINO TEMATICO
Término temático o nombre geográfico como elemento de entrada Raíces andinas
Subdivisión general yacón
650 #0 - ASIENTO SECUNDARIO DE MATERIA - TERMINO TEMATICO
Término temático o nombre geográfico como elemento de entrada Granos
650 #0 - ASIENTO SECUNDARIO DE MATERIA - TERMINO TEMATICO
Término temático o nombre geográfico como elemento de entrada frutaless
700 1# - ASIENTO SECUNDARIO - NOMBRE PERSONAL
Nombre personal Fries, Ana María.
700 1# - ASIENTO SECUNDARIO - NOMBRE PERSONAL
Nombre personal Mazar, Irela.
700 1# - ASIENTO SECUNDARIO - NOMBRE PERSONAL
Nombre personal Rosell, Cadmo.
942 ## - ELEMENTOS ADICIONALES (KOHA)
Sistema de clasificación Dewey Decimal Classification
Tipo de ítem Libro
Existencias
Withdrawn status Lost status Sistema de Clasificación Damaged status No para préstamo Colección Inventariado Ubicación Permanente Ubicación actual Fecha de adquisición Fuente de Valor Valor Total Checkouts Número topográfico Inventario / Código de Barras Date last seen Ejemplar Price effective from Forma de adquisición Tipo de material
    Dewey Decimal Classification     General Inventariado 2017 Bogotá Bogotá 02/03/2015 Instituto 39000.00   LB-338.62 T17f 038947 02/03/2015 Ej. 1 02/03/2015   Libro